| Tag |
First Indicator |
Second Indicator |
Subfields |
| LEADER |
00000cgm a2200000Mi 4500 |
| 001 |
in00005583813 |
| 006 |
m o c |
| 007 |
cr |n||||||||a |
| 007 |
vz |za|z| |
| 008 |
190102s2013 txu005 e o vueng d |
| 005 |
20241201234344.6 |
| 035 |
|
|
|a (OCoLC)on1081436736
|
| 040 |
|
|
|a ALSTP
|b eng
|e rda
|c ALSTP
|d OCLCO
|d OCLCF
|d UPM
|d OCLCO
|d STF
|d OCLCO
|d OCLCA
|d OCLCO
|d OCLCQ
|
| 035 |
|
|
|a (OCoLC)1081436736
|
| 049 |
|
|
|a TXAM
|
| 245 |
0 |
0 |
|a Business principles.
|n Volume 15, No. 4 /
|c [produced by Dallas TeleLearning].
|
| 264 |
|
1 |
|a Dallas, TX :
|b Dallas County Community College District,
|c 2013.
|
| 300 |
|
|
|a 1 online resource (5 minutes)
|
| 306 |
|
|
|a 000422
|
| 336 |
|
|
|a two-dimensional moving image
|b tdi
|2 rdacontent
|
| 337 |
|
|
|a computer
|b c
|2 rdamedia
|
| 337 |
|
|
|a video
|b v
|2 rdamedia
|
| 338 |
|
|
|a online resource
|b cr
|2 rdacarrier
|
| 347 |
|
|
|a video file
|2 rda
|
| 500 |
|
|
|a Title from resource description page (viewed January 02, 2019).
|
| 520 |
|
|
|a Dallas County Community College District - Continuing Education/Noncredit Courses: In addition to college credit classes, this video was designed to improve your business skills -- if you dream of owning your own business or help you become the corporate executive you want to be. These Continuing Education (CE)/Noncredit courses do not offer college credit but may apply toward industry credentials or other workplace certificates.
|
| 546 |
|
|
|a In English.
|
| 650 |
|
0 |
|a Business enterprises.
|
| 650 |
|
0 |
|a Accounting.
|
| 650 |
|
0 |
|a Bookkeeping.
|
| 650 |
|
6 |
|a Entreprises.
|
| 650 |
|
6 |
|a Tenue des livres.
|
| 650 |
|
7 |
|a Accounting.
|2 fast
|0 (OCoLC)fst00795379
|
| 650 |
|
7 |
|a Bookkeeping.
|2 fast
|0 (OCoLC)fst00836321
|
| 650 |
|
7 |
|a Business enterprises.
|2 fast
|0 (OCoLC)fst00842519
|
| 655 |
|
7 |
|a Educational films.
|2 fast
|0 (OCoLC)fst01726235
|
| 655 |
|
7 |
|a Film excerpts.
|2 fast
|0 (OCoLC)fst01726130
|
| 655 |
|
7 |
|a Educational films.
|2 lcgft
|
| 655 |
|
7 |
|a Film excerpts.
|2 lcgft
|
| 655 |
|
7 |
|a Films éducatifs.
|2 rvmgf
|
| 710 |
2 |
|
|a Dallas TeleLearning (Firm),
|e production company.
|
| 856 |
4 |
0 |
|u http://proxy.library.tamu.edu/login?url=https://www.aspresolver.com/aspresolver.asp?MARC;3223831
|z Connect to this streaming video (Alexander Street Press)
|t 0
|
| 955 |
|
|
|a Alexander Street Press subscription streaming video
|
| 994 |
|
|
|a 92
|b TXA
|
| 999 |
f |
f |
|s 8b86881c-2344-40e3-a0c0-43a486f010fa
|i 700ecb45-c45e-4a27-a553-3de3e4bb09b5
|t 0
|
| 952 |
f |
f |
|a Texas A&M University
|b College Station
|c Electronic Resources
|d Available Online
|t 0
|h Library of Congress classification
|
| 998 |
f |
f |
|t 0
|l Available Online
|